Crime, justice, and discreation in England 1740-1820 (Record no. 275503)

MARC details
000 -LEADER
fixed length control field 00681nam a2200241Ia 4500
003 - CONTROL NUMBER IDENTIFIER
control field OSt
005 - DATE AND TIME OF LATEST TRANSACTION
control field 20220918222438.0
008 - FIXED-LENGTH DATA ELEMENTS--GENERAL INFORMATION
fixed length control field 220917b |||||||| |||| 00| 0 eng d
037 ## - SOURCE OF ACQUISITION
Terms of availability Textual
040 ## - CATALOGING SOURCE
Original cataloging agency ARTS
Transcribing agency ARTS
Language of cataloging eng
041 ## - LANGUAGE CODE
Source of code eng
Language code of text/sound track or separate title eng
100 ## - MAIN ENTRY--PERSONAL NAME
Personal name King Peter
9 (RLIN) 143133
245 #0 - TITLE STATEMENT
Title Crime, justice, and discreation in England 1740-1820
260 ## - PUBLICATION, DISTRIBUTION, ETC.
Place of publication, distribution, etc. Oxford
Name of publisher, distributor, etc. Oxford Univ. Press
Date of publication, distribution, etc. 2003
300 ## - PHYSICAL DESCRIPTION
Extent xii, 383p
Dimensions cm.
650 ## - SUBJECT ADDED ENTRY--TOPICAL TERM
Topical term or geographic name entry element SOCIOLOGY
942 ## - ADDED ENTRY ELEMENTS (KOHA)
Classification part Y:45:5(Z)v3.M20<-L40, P3
Koha item type Textual
Source of classification or shelving scheme Colon Classification (CC)
Holdings
Withdrawn status Lost status Damaged status Not for loan Home library Current library Date acquired Total Checkouts Full call number Barcode Date last seen Price effective from Koha item type
        Arts Library Arts Library 2022-09-18   Y:45:5(Z)v3.M20<-L40 P3 AL1271174 2022-09-18 2022-09-18 Textual
Copyright @ Delhi University Library System